000 00349nam a2200157Ia 4500
008 230605s2005 xx 000 0 und d
041 _aeng
100 _aGrisewood
245 _aChildren illusrated dictionary
260 _bImpuse pub.
_c2005
_c2005
300 _a379
365 _b400
500 _a30
520 _aGeneral
650 _aDict.
999 _c418118
_d418118